Global market perspective (Record no. 115335)

MARC details
000 -LEADER
fixed length control field 01620cad a22002535a 4500
001 - CONTROL NUMBER
control field L158483
008 - FIXED-LENGTH DATA ELEMENTS--GENERAL INFORMATION
fixed length control field 120824s xxk 000 0 eng d
035 ## - SYSTEM CONTROL NUMBER
System control number (Sirsi) u158483
041 0# - LANGUAGE CODE
Language code of text/sound track or separate title eng
110 2# - MAIN ENTRY--CORPORATE NAME
Corporate name or jurisdiction name as entry element Jones Lang LaSalle
9 (RLIN) 3755
245 00 - TITLE STATEMENT
Title Global market perspective
Medium [electronic resource]
260 ## - PUBLICATION, DISTRIBUTION, ETC.
Place of publication, distribution, etc. [S.l.]
Name of publisher, distributor, etc. Jones Lang LaSalle
490 ## - SERIES STATEMENT
Series statement Jones Lang LaSalle Global Market Perspective Global Foresight Series
505 2# - FORMATTED CONTENTS NOTE
Formatted contents note Highlights -- Global Economy -- Real Estate Capital Markets -- Investment Volumes -- Capital Values and Yields -- Corporate Occupiers -- Global Real Estate Health Monitor -- Office Markets -- Office Demand Dynamics -- Office Supply Trends -- Office Rental Trends -- Retail Markets -- Industrial Warehousing Markets -- Hotel Markets -- Residential Markets -- Recent Key Investment Transactions
520 ## - SUMMARY, ETC.
Summary, etc. Comprehensive overview of the global real estate market covering the global economy, global property capital and leasing markets outlook, global real estate health monitor, real estate capital, corporate occupiers, office, retail, industrial warehousing, hotels, and residential markets, with recent key transactions.
590 ## - LOCAL NOTE (RLIN)
Local note NTK KA
650 24 - SUBJECT ADDED ENTRY--TOPICAL TERM
Topical term or geographic name entry element JONES LANG LASALLE GLOBAL MARKET PERSPECTIVE
651 #4 - SUBJECT ADDED ENTRY--GEOGRAPHIC NAME
Geographic name International
690 ## - LOCAL SUBJECT ADDED ENTRY--TOPICAL TERM (OCLC, RLIN)
Topical term or geographic name as entry element Commercial property
9 (RLIN) 6227
690 ## - LOCAL SUBJECT ADDED ENTRY--TOPICAL TERM (OCLC, RLIN)
Topical term or geographic name as entry element Residential property
9 (RLIN) 6266
856 40 - ELECTRONIC LOCATION AND ACCESS
Uniform Resource Identifier <a href="https://www.jll.com/gmp">https://www.jll.com/gmp</a>
Public note View the Global Market Perspective reports at www.jll.com
856 40 - ELECTRONIC LOCATION AND ACCESS
Uniform Resource Identifier <a href="https://www.jll.com/gmp/market-perspective/view-report-archives">https://www.jll.com/gmp/market-perspective/view-report-archives</a>
Public note View the Global Market Perspective reports archive at www.jll.com
942 ## - ADDED ENTRY ELEMENTS (KOHA)
Suppress in OPAC 0
Holdings
Withdrawn status Lost status Source of classification or shelving scheme Damaged status Not for loan Home library Current library Shelving location Date acquired Total Checkouts Full call number Barcode Date last seen Copy number Price effective from Koha item type
    Dewey Decimal Classification     Virtual Virtual Online 18/03/2015   ONLINE PUBLICATION 158483-2001 06/08/2019 1 06/08/2019 Book